40 vragen over van alles en nog wat - Quiz 17 - Statistieken

Algemene statistieken
  • Deze quiz is 7 keer genomen
  • De gemiddelde score is 22 van 40
Antwoordstatistieken
Hint Antwoord % Correct
Welke landen vallen onder de Balkan Albanië
100%
Welke landen vallen onder de Balkan Kosovo
100%
Welke landen vallen onder de Balkan Kroatië
100%
Welke landen vallen onder de Balkan Montenegro
100%
Welke landen vallen onder de Balkan Noord-Macedonië
100%
Hoe heet een strafschop in het voetbal nog meer Penalty
100%
Welke landen vallen onder de Balkan Servië
100%
Welke landen vallen onder de Balkan Slovenië
100%
Wat is een decennium, hoeveel jaar 10
86%
Welke landen vallen onder de Balkan Bulgarije
86%
Hoe heet extra tijd dij voetbal Blessuretijd
71%
In welke landen kun je beter geen fooi geven China
71%
Op de grens van welke twee laden ligt de Zugspitz Duitsland
71%
In welke landen kun je beter geen fooi geven Japan
71%
Waar lijkt de vorm van Italië op Laars
71%
Op de grens van welke twee laden ligt de Zugspitz Oostenrijk
71%
Wat drinken Fransen het meest Water
71%
Pass of voorzet waaruit een medespeler een doelpunt maakt Assist
57%
Noem drie bekende vulkanen in Italië Etna
57%
Welke landen vallen onder de Balkan Griekenland
57%
Speler die drie doelpunten maakt in een wedstrijd bij voetbal Hattrick
57%
Hoe heet een jurk in het Vlaams Kleed
57%
Voetbalwedstrijd tussen twee rivaliserende ploegen Derby
43%
Combinatie tussen twee spelers bij voetbal Een-tweetje
43%
Hoe heet een strafschop met een boogje Panenka
43%
Speler die goed speelde bij voetbal en daar wissel voor krijgt Publiekswissel
43%
Noem drie bekende vulkanen in Italië Stromboli
43%
Hoofdstad van Gran Canaria Las Palmas
29%
Bij welk eiland behoren eiland en stad van vorige vraag Spanje
29%
Hoe heet een strafschop in hockey Strafbal
29%
Noem drie bekende vulkanen in Italië Vesuvius
29%
In welke landen kun je beter geen fooi geven Vietnam
29%
Wat is de langste strafschop reeks ooit 56
14%
Verdedigende speelwijze bij voetbal (Italië) Catenaccio
14%
Lange bal over de breedte van het veld bij voetbal Crosspass
14%
Hoe heet een strafschop in het voetbal nog meer Elfmeter
14%
Hoe heet een strafschop in het voetbal nog meer Penantie
14%
In welke landen kun je beter geen fooi geven Singapore
14%
Welke landen vallen onder de Balkan Bosnië-Herzegovina
0%
Hoe heet een strafschop in het voetbal nog meer Pingel
0%
Geen overeenkomende quizzen gevonden
Scoreverdeling
Procent van Mensen met Elke Score
Percentiel versus Aantal Correcte Antwoorden
Uw Scoregeschiedenis
U heeft deze quiz nog niet genomen